Forensic ballistics (Record no. 394378)

MARC details
000 -LEADER
fixed length control field 00508 a2200193 4500
005 - DATE & TIME
control field 20260209164449.0
008 - FIXED-LENGTH DATA ELEMENTS--GENERAL INFORMATION
fixed length control field 260209b |||||||| |||| 00| 0 eng d
020 ## - ISBN
International Standard Book Number 9789362243034
Price Rs. 2400.00
040 ## - CATALOGING SOURCE
Original cataloging agency VIVEKANANDA LIBRARY
082 ## - DDC NUMBER
Classification number 363.258
Book Number S23F
100 ## - MAIN ENTRY--PERSONAL NAME
Personal name Sharma, Karan
245 ## - TITLE STATEMENT
Title Forensic ballistics
260 ## - PUBLICATION, DISTRIBUTION, ETC. (IMPRINT)
Name of publisher, distributor, etc Discovery Publishing House
Date of publication, distribution, etc 2025
Place of publication, distribution, etc New Delhi
300 ## - PHYSICAL DESCRIPTION
Pages v, 235
650 ## - Subject
Subject Forensic Science
650 ## - Subject
Subject Crimes Against Person
650 ## - Subject
Subject Fireams-Ballistics
942 ## - ADDED ENTRY ELEMENTS (KOHA)
Koha item type Books
Holdings
Withdrawn status Lost status Source of classification or shelving scheme Damaged status Not for loan Location (home branch) Sublocation or collection (holding branch) Shelving location Date acquired Koha issues (times borrowed) Koha full call number Accession No. Koha date last seen Koha item type
    Dewey Decimal Classification     VIVEKANANDA LIBRARY VIVEKANANDA LIBRARY Vivekananda Library 22/01/2026   363.258 S23F 444482 22/01/2026 Books
© Designed and Maintained by Vivekananda Library, MDU Rohtak